1754 1902 1030 1904 1074 1964 1951 1494 1531 1068 1102 1370 1196 1596 1197 1860 1346 1108 1174 1027 1891 1822 1849 1422 1127 1513 1602 1599 1959 1377 1221 1105 1998 1945 1226 1421 1963 1957 1559 1191 1871 1916 1587 1270 1710 1700 1885 1499 1020 1054 1416 1362 1719 1190 1698 1965 1086 1040 1395 1218 1959 1035 1724 1726 1980 1991 1256 1775 1671 1253 1346 1937 1097 1105 1288 1597 1241 1089 1168 1710 1596 1543 1052 1827 1281 1091 1296 1060 1005 1887 1489 1540 1116 1697 1445 1432 1107 1892 1291 BCNSPRNW ULIB Ver.6.0+V

เปลี่ยนเป็นภาษาไทย

Change to English
 แสดงรายละเอียดบรรณานุกรม
  กลับหน้าหลัก

Brief Record : Get Marc (ISO 2709) : E-mail record : QR code < ปิดหน้าต่าง
LEADER : 00000nam 2200000uu 4500
001    13399128480
003     ULIB
008    230830s2019||||th 000 0 tha d
020    ^a9781108681360 (pbk.)
050  4 ^aPE1128^bIG22
245 00 ^aIELTS 14 general training with answers :^bauthenticexamination tests /^c[Cambridge University Press]
260    ^aCambridge :^bCambridge University Press,^c2019
300    ^a141 p. :^bill. ;^c25 cm.
650  0 ^aInternational English Language Testing System^vStudyguides
650  0 ^aEnglish language^vTextbooks for foreign speakers
650  0 ^aEnglish language^xStudy and teaching
650  0 ^aEnglish language^xExaminations^vStudy guides
650  0 ^aEnglish language^vProblems, exercises, etc.
653    ^aIELTS
945    ^p1099^l0^i010224
999    ^aประนอม เกษจรัล
รายการนี้ยังไม่มีแท็ก
คุณยังไม่ได้ล็อกอิน คุณสามารถมีกิจกรรมร่วมกับเว็บไซต์ได้ แต่ต้องล็อกอินก่อน ::
  ล็อกอิน

รายการสื่อสารสนเทศ

ลำดับที่ ประเภท เลขเรียก/บาร์โค้ด สถานที่ สถานะ
1. การศึกษาทั่วไป
หนังสือสำรอง
สถานะ=หนังสือสำรอง
PE1128 IG22 ฉ.1 
  Barcode: 010224
ห้องสมุดวิทยาเขตสวรรค์ประชารักษ์
►หนังสือทั่วไป
บนชั้น

BibComment


ยังไม่เคยถูกคอมเมนท์

คอมเมนท์ทรัพยากรรายการนี้
  คอมเมนท์: IELTS 14 general..


 Copyright 2026. Bcnsprnw @Library